Spell the Marvel Character #230 - Statistics

General Stats
  • This quiz has been taken 11 times
  • The average score is 8 of 10
Answer Stats
Picture Answer % Correct
Ms. Marvel
100%
Ancient One
80%
Black Bolt
80%
Elektra
80%
Marvel Boy
80%
Okoye
80%
Redwing
80%
Viv Vision
80%
Yellowjacket
80%
Luna Snow
70%
No matching quizzes found
Score Distribution
Percent of People with Each Score
Percentile by Number Answered
Your Score History
You have not taken this quiz